عرض عادي
عرض مارك
- لجيوسي، سلمى هاشم
مدخل إسم شخص
001 - رقم الضبط
- حقل الضبط: 37149
003 - معرف رقم الضبط
- حقل الضبط: OSt
005 - تاريخ ووقت أخر عملية
- حقل الضبط: 20130923141633.0
008 - عناصر بيانات ثابتة الطول
- حقل تحكم ثابت الطول: 130923|||a|||||| | ||| d
040 ## - مصدر الفهرسة
- هيئة الفهرسة الأصلية: OSt
- وكالة الكتابة: OSt
100 ## - مدخل -- أسم شخص
- إسم شخص: لجيوسي، سلمى هاشم
- مصطلح الرابط: مترجم
670 ## - بيانات المصدر موجوده
- الاستشهاد بالمصدر: Work cat.: (OSt): بورسيل، جين 37145, صميم برامج وخدمات للمتعلمين ذوي القدرة الفائقة :, 2012
